LEADER 01261nam2-2200385---450 001 990005700840203316 005 20200506123543.0 035 $a000570084 035 $aUSA01000570084 035 $a(ALEPH)000570084USA01 035 $a000570084 100 $a20061128d1996----|||y0itaa50------ba 101 $aspa$alat 102 $aes 105 $a0 00||| 200 1 $a<<2.: >> Historia de Carlos 5.$elibros 6.-10.$fJuan Ginés de Sepulveda$gedicion critica y traduccion de E. Rodriguez Peregrina$gestudio historico y notas a la traduccion de B. Cuart Moner 210 $aPozoblanco$cExcmo$d1996 215 $aLIII, 151 p.$d25 cm 300 $aTesto in latino e spagnolo. 461 0$1001000570081$12001$aObras completas$v2. 620 $dPOZOBLANCO 676 $a946.04 700 1$aSEPULVEDA,$bJuan Ginés : de$0386940 702 1$aRODRIGUEZ PEREGRINA,$bElena 702 1$aCUART MONER,$bBaltasar 801 0$aIT$bSA$c20111219 912 $a990005700840203316 950 0$aDipar.to di Filosofia - Salerno$dDFAA 946.04 SEP$e8210 FIL 951 $aAA 946.04 SEP$b8210 FIL 959 $aBK 969 $aFIL 979 $c20121027$lUSA01$h1526 979 $c20121027$lUSA01$h1615 996 $aHistoria de Carlos 5$91083859 997 $aUNISA LEADER 02421nam 2200613 a 450 001 9910453151103321 005 20200520144314.0 010 $a0-252-09392-5 010 $a1-283-99454-2 035 $a(CKB)2550000000996665 035 $a(EBL)3414189 035 $a(SSID)ssj0000820211 035 $a(PQKBManifestationID)11459505 035 $a(PQKBTitleCode)TC0000820211 035 $a(PQKBWorkID)10857571 035 $a(PQKB)10900660 035 $a(MiAaPQ)EBC3414189 035 $a(StDuBDS)EDZ0000340916 035 $a(OCoLC)867784792 035 $a(MdBmJHUP)muse25150 035 $a(Au-PeEL)EBL3414189 035 $a(CaPaEBR)ebr10651008 035 $a(CaONFJC)MIL430704 035 $a(OCoLC)923496815 035 $a(EXLCZ)992550000000996665 100 $a20110818d2012 uy 0 101 0 $aeng 135 $aur|n|---||||| 181 $ctxt 182 $cc 183 $acr 200 12$aA people's history of baseball$b[electronic resource] /$fMitchell Nathanson 210 $aUrbana $cUniversity of Illinois Press$dc2012 215 $a1 online resource (298 p.) 300 $aDescription based upon print version of record. 311 $a0-252-08097-1 311 $a0-252-03680-8 320 $aIncludes bibliographical references (p. [261]-269) and index. 327 $a""Cover""; ""Title Page""; ""Copyright Page""; ""Contents""; ""Acknowledgments""; ""Prologue""; ""1 A Game of Their Own""; ""2 The Sovereign Nation of Baseball""; ""3 Rickey, Race, and ""All Deliberate Speed""""; ""4 Tearing Down the Walls""; ""5 ""Wait 'Til Next Year"" and the Denial of History""; ""6 The Storytellers""; ""Notes""; ""Bibliography""; ""Index""; ""back cover"" 330 $aProbes the other side of baseball history--episodes not involving equality, patriotism, heroism, and virtuous capitalism, but power--how it is obtained, how it perpetuates itself, and how it affects the game. 606 $aBaseball$zUnited States$xHistory 606 $aBaseball$xSocial aspects$zUnited States$xHistory 608 $aElectronic books. 615 0$aBaseball$xHistory. 615 0$aBaseball$xSocial aspects$xHistory. 676 $a796.357 700 $aNathanson$b Mitchell$f1966-$0896144 801 0$bMiAaPQ 801 1$bMiAaPQ 801 2$bMiAaPQ 906 $aBOOK 912 $a9910453151103321 996 $aA people's history of baseball$92001841 997 $aUNINA LEADER 01030nam--2200337---450 001 990005867880203316 005 20220308094902.0 010 $a978-88-7667-452-5 035 $a000586788 035 $aUSA01000586788 035 $a(ALEPH)000586788USA01 035 $a000586788 100 $a20130704d2013----km-y0itay50------ba 101 0 $aita 102 $aIT 105 $a||||||||001yy 200 1 $aAffrica$eil mito coloniale africano attraverso i libri di viaggio di esploratori e missionari dall'Unità alla sconfitta di Adua (1861-1896)$fDaniele Comberiati 210 $aFirenze$cFranco Cesati$d2013 215 $a148 p.$d24 cm 225 2 $aStorie d'Italia$v6 410 0$12001$aStorie d'Italia$v6 606 0 $aColonie italiane$yAfrica$2BNCF 676 $a349.450963 700 1$aCOMBERIATI,$bDaniele$0611494 801 0$aIT$bsalbc$gISBD 912 $a990005867880203316 951 $aX.3.B. 6906$b241435 L.M.$cX.3.B.$d00314838 959 $aBK 969 $aUMA 996 $aAffrica$91085579 997 $aUNISA LEADER 02083nam 2200541 450 001 9910160321303321 005 20200520144314.0 010 $a1-4598-1366-9 035 $a(CKB)3710000001021367 035 $a(MiAaPQ)EBC4617127 035 $a(Au-PeEL)EBL4617127 035 $a(CaPaEBR)ebr11331680 035 $a(CaONFJC)MIL988443 035 $a(OCoLC)953630115 035 $a(BIP)060502084 035 $a(EXLCZ)993710000001021367 100 $a20170124h20172017 uy 1 101 0 $aeng 135 $aurcnu|||||||| 181 $2rdacontent 182 $2rdamedia 183 $2rdacarrier 200 10$aPinch me /$fGabrielle Prendergast 210 1$a[Victoria, British Columbia] :$cOrca Book Publishers,$d2017. 210 4$d2017 215 $a1 online resource (137 pages) 225 1 $aOrca Soundings 311 $a1-4598-1364-2 330 8 $aAfter another night of girls, music and booze, seventeen-year-old pop star Darius Zaire falls out of bed and lands on the cruddy floor of his old bedroom. No mansion, no luxury cars, no platinum records. Now he's just ordinary Darren Zegers. Some kind of nightmare has erased everything that happened to change Darren the dweeb into Darius the multimillionaire.Now Darius has to face an ordinary day in the twelfth grade, suffering through remedial English and wondering what happened to the last three years, let alone all his fans and money. He desperately wants to return to his old life, but he is starting to worry that maybe this is reality, and it was his other life that was the dream. 410 0$aOrca soundings. 606 $aValues$vFiction 610 $aCHILDREN'S FICTION 610 $aSINGERS 610 $aDREAMS 610 $aDYSLEXIA 610 $aBANDS (MUSIC) 610 $aSCHOOLS 610 $aJUVENILE FICTION 615 0$aValues 676 $a599.74442 700 $aPrendergast$b Gabrielle$01379949 801 0$bMiAaPQ 801 1$bMiAaPQ 801 2$bMiAaPQ 906 $aBOOK 912 $a9910160321303321 996 $aPinch me$93420562 997 $aUNINA